La resaca
Enregistré dans:
| Auteur principal: | |
|---|---|
| Format: | Livre |
| Langue: | espagnol |
| Publié: |
Barcelona
Destino
1981
|
| Collection: | Ancora y Delfín, 551
|
| Sujets: | |
| Tags: |
Ajouter un tag
Pas de tags, Soyez le premier à ajouter un tag!
|
MARC
| LEADER | 00000nam a2200000 a 4500 | ||
|---|---|---|---|
| 001 | UCQ6471 | ||
| 003 | CL-VaPUC | ||
| 008 | 981016e19810000SP |||||||||||||||||spa|d | ||
| 082 | 0 | 4 | |a 863 |b GOY |2 21 |
| 100 | 0 | |a Goytisolo, Juan |e author |9 376899 | |
| 245 | 1 | 3 | |a La resaca |
| 300 | |a 188 p | ||
| 942 | |c BK | ||
| 945 | |d 19981016 00:00:00 |a crobeson | ||
| 260 | |a Barcelona |b Destino |c 1981 | ||
| 650 | 0 | |a Novelas españolas |9 265052 | |
| 650 | 0 | |a Literatura española |9 306261 | |
| 583 | |a last modification |c 19981016 00:00:00 |k Rodrigo Vera | ||
| 490 | 0 | |a Ancora y Delfín, 551 | |
| 999 | |c 276428 |d 276426 | ||
| 952 | |0 0 |1 0 |4 0 |6 863_000000000000000_GOY_1981 |7 0 |8 A |9 313649 |a BIBEDU |b BIBEDU |d 2019-11-20 |i 1482009 |o 863 GOY 1981 |p 1482009 |r 2019-11-20 |w 2019-11-20 |y BK |k LIT | ||